| 000 | 01273cam a2200313 i 4500 | ||
|---|---|---|---|
| 001 | 56951 | ||
| 003 | Mx-PuUPA | ||
| 005 | 20220310133503.0 | ||
| 008 | 140415s1988 mx a gr 000 0 spa d | ||
| 020 | _a9683901417 | ||
| 040 |
_aMx-PuUPA _bspa _cMx-PuUPA _dMx-PuUPA _erda |
||
| 041 | 0 | _aspa | |
| 100 | 1 |
_aValle-Arizpe, Artemio de, _d1888-1961 _eautor _912211 |
|
| 245 | 1 | 0 |
_aNotas de platería / _cArtemio de Valle-Arizpe ; prólogo, glosario y selección de piezas Virginia Armella de Aspe ; fotografías, Sebastián Saldívar ; editor, Corporación Industrial Sanluis |
| 264 | 1 |
_aMéxico, D.F. : _bEditorial Patria, _c©1988 |
|
| 300 |
_a243 páginas : _bfotografías (a color) ; _c28 cm. |
||
| 336 |
_2rdacontent _atexto _btxt |
||
| 337 |
_2rdamedia _asin medio _bn |
||
| 338 |
_2rdacarrier _avolumen _bnc |
||
| 650 | 7 |
_aPlatería _zMéxico _xHistoria _2armarc |
|
| 650 | 7 |
_aOrfebrería _zMéxico _xHistoria _ySiglo XIX |
|
| 700 | 1 |
_aArmella de Aspe, Virginia, _eprologuista |
|
| 700 | 1 |
_aSaldívar, Sebastián, _efotografías |
|
| 710 | 2 |
_aCorporación Industrial Sanluis, _eeditor |
|
| 942 |
_2ddc _cLI _h739.230972 _iV135 |
||
| 999 |
_c56951 _d56951 |
||